000
00290 a2200121 4500
001
63753
082
_a
823.4 LEW
090
_c
37730
_d
37730
100
_a
Lewis
245
_a
The lion, The witch and the Wardrobe
_h
English
260
_a
UK
_b
Harper Colliones Books
_c
2001
300
_a
206p.
942
_a
CAE NUST
_k
823.4 LEW
999
_c
298826
_d
298826